000 00649nab a2200193 4500
001 244442
003 OSt
005 20241121102510.0
007 tu
008 200917s2020|||||||
040 _aDE-2950
_cDE-2950
245 0 0 _aNeuausrichtung geplant
_bWirtschaftsförderung. Der Beigeordnete Claus Junghanns hat die künftige Struktur vorgestellt. Aus zwei städtischen Gesellschaften soll eine werden/
_cThomas Gutke
264 _c2024
653 _aFrankfurt (Oder)
653 _aWirtschaftsförderung
653 _aNeue Struktur
773 0 _g35. Jahrgang (2024) Nr. 268 vom 16.11.2024, S. 15 mit Foto
_tMärkische Oderzeitung
942 _2z
_cA
999 _c373473
_d373473